000 00374nam a2200145Ia 4500
008 100122s9999 xx 000 0 und d
082 _b56204
_a1
100 _aKHATAI S W
245 _aTEST YOUR GENERAL KNOWLEDGE
260 _bVASAN BOOK DEPOT
_c1999
300 _a207
630 _aTEST YOUR GENERAL KNOWLEDGE
730 _aTEST YOUR GENERAL KNOWLEDGE
942 _cBOOK
999 _c376638
_d376635